| 000 | 00633nam a2200229 i 4500 | ||
|---|---|---|---|
| 001 | 000021896 | ||
| 003 | DO-SdBNP | ||
| 005 | 20240813094515.0 | ||
| 007 | ta | ||
| 008 | 100914s2012 dr 000 0 spa d | ||
| 020 | _a9759945882803 | ||
| 040 |
_aDO-SdBNP _bspa _cBNPHU _erda |
||
| 082 | 4 | _222 | |
| 100 | 1 |
_aBáez, Rodolfo, _945445 _eautor |
|
| 245 | 1 | 3 |
_aEl hombre de los 100 corazones / _cRodolfo Báez. |
| 264 |
_aSanto Domingo : _bP.E.N., _c2012. |
||
| 300 |
_a111 páginas ; _c22 cm. |
||
| 336 |
_2rdacontent _atexto _btxt |
||
| 337 |
_2rdamedia _asin mediación _bn |
||
| 338 |
_2rdacarrier _avolumen _bnc |
||
| 942 |
_2ddc _cLBS1 |
||
| 999 |
_c21394 _d21394 |
||